Market research.
| Format: | Book |
|---|---|
| Published: |
Dublin:
Irish Trade Board,
1993.
|
| Subjects: |
| LEADER | 00421cam a2200157 7i4500 | ||
|---|---|---|---|
| 001 | 0000003646 | ||
| 005 | 19991025090000.0 | ||
| 002 | ##000005027 | ||
| 020 | 0 | 0 | |a 1-85954-001-5# |
| 090 | 0 | 0 | |a IRLD 380.1 |b MAR |
| 245 | 0 | 0 | |a Market research. |
| 260 | 0 | 0 | |a Dublin: |b Irish Trade Board, |c 1993. |
| 300 | 0 | 0 | |a 26 p.. |
| 650 | 0 | 0 | |a Market research -- |z Ireland |
| 651 | 0 | 0 | |a Ireland |
| 999 | |a 0000005890 |b Book |c Open shelf |e Business Information Centre | ||


